000111773 001__ 111773 000111773 005__ 20220329090259.0 000111773 037__ $$aTAZ-TFG-2019-805 000111773 041__ $$aspa 000111773 1001_ $$aCastán Torralba, Cristina 000111773 24200 $$aPrimary aldosteronism: a case report 000111773 24500 $$aHiperaldosteronismo primario: a propósito de un caso 000111773 260__ $$aZaragoza$$bUniversidad de Zaragoza$$c2019 000111773 506__ $$aby-nc-sa$$bCreative Commons$$c3.0$$uhttp://creativecommons.org/licenses/by-nc-sa/3.0/ 000111773 520__ $$aEl hiperaldosteronismo primario es una patología de la glándula suprarrenal que cursa con un aumento de aldosterona. Es una de las principales etiologías de hipertensión arterial de causa conocida. Los pacientes que lo presentan tienen mayor riesgo cardiovascular que aquellos con hipertensión arterial esencial, por lo que un diagnóstico y tratamiento precoz disminuye la morbimortalidad asociada. Es necesario realizar un cribado y posterior confirmación diagnóstica y etiológica en determinados pacientes para así, prescribir el tratamiento más adecuado. Una de las causas más frecuentes de hiperaldosteronismo primario es el adenoma suprarrenal, en cuyo caso el tratamiento de elección es la suprarrenalectomía por vía laparoscópica. Este trabajo se ha centrado en el estudio de esta patología suprarrenal en profundidad; describiendo inicialmente el desarrollo embriológico de las glándulas y su anatomía, para posteriormente, y a raíz de un caso clínico, realizar una exhaustiva revisión bibliográfica y puesta al día sobre el tema.<br /> 000111773 521__ $$aGraduado en Medicina 000111773 540__ $$aDerechos regulados por licencia Creative Commons 000111773 700__ $$aLuesma Bartolomé, María José$$edir. 000111773 700__ $$aFernando Trebolle, José$$edir. 000111773 7102_ $$aUniversidad de Zaragoza$$bAnatomía e Histología Humanas$$cAnatomía y Embriología Humana 000111773 8560_ $$f614595@celes.unizar.es 000111773 8564_ $$s5267518$$uhttps://zaguan.unizar.es/record/111773/files/TAZ-TFG-2019-805.pdf$$yMemoria (spa) 000111773 909CO $$ooai:zaguan.unizar.es:111773$$pdriver$$ptrabajos-fin-grado 000111773 950__ $$a 000111773 951__ $$adeposita:2022-03-29 000111773 980__ $$aTAZ$$bTFG$$cMED 000111773 999__ $$a20190528132432.CREATION_DATE